=LDR 00000nam 2200000 4500 =001 INLIS000000000016119 =005 20130612111408 =008 ***********************************Ind** =035 ##$$0010-061300000016119 =041 ##$$a Ind =082 ##$$a 2x9.871 =090 ##$$a 2x9.871, Bas a =100 ##$$a Basil, Victor Said =245 ##$$a Al-Ghazali mencari makrifah, Victor Said Basil =260 ##$$a 1990 $b Jakarta =300 ##$$a 146 hlm, 21 cm =650 ##$$a Islam - Makrifat =850 ##$$a NBPNMAT